000
00309nam a2200109Ia 4500
008
180205s9999 xx 000 0 und d
020
_a
9710851284
100
_a
Jesus, Palma A.
245
_a
Curriculum developement system /
260
_a
Mandaluyong City
_b
National book store
_c
1992
300
_a
vii, 168 pages
999
_c
354803
_d
354803